The Indus Valley and early Iran /

محفوظ في:

المؤلف الرئيسي: Khan, F. A. (مؤلف)

مؤلفون آخرون: Wheeler, Mortimer, 1890-1976.

التنسيق: كتاب

اللغة: English

منشور في: Karachi : Department of Archaeology and Museums, Ministry of Education, Govt. of Pakistan, [1964].

سلاسل: Pakistan. Dept. of Archaeology & Museums. Memoir ; 4.

الموضوعات:

الوسوم: إضافة وسم

لا توجد وسوم, كن أول من يضع وسما على هذه التسجيلة!

رقم الطلب: DS425 .K48 1964

LEADER 01045namaa2200301 4500
001 13017
003 OSt
005 20250513114712.0
008 130303s1964 pk abf b 000 0 eng d
010 |a 66005972 
040 |c ARCE Library 
043 |a a-ir--- 
050 4 |a DS425 .K48 1964 
100 1 |a Khan, F. A.,  |e author 
245 1 4 |a The Indus Valley and early Iran /  |c by F. A. Khan ; With a foreword by Sir Mortimer Wheeler. 
264 1 |a Karachi :  |b Department of Archaeology and Museums, Ministry of Education, Govt. of Pakistan,  |c [1964]. 
300 |a xiii, 104 pages :  |b illustrations, maps, plates ;  |c 26 cm. 
336 |2 rdacontent  |a text  |b txt 
337 |2 rdamedia  |a unmediated  |b n 
338 |2 rdacarrier  |a volume  |b n 
490 0 |a Pakistan. Dept. of Archaeology & Museums. Memoir ;   |v 4. 
504 |a Includes bibliographical references. 
651 0 |a Indus River Valley  |x Antiquities.  |9 17729 
651 0 |a Iran  |x Civilization. 
700 1 |a Wheeler, Mortimer,  |d 1890-1976. 
901 |a reviewed 
942 |c BK  |2 lcc 
999 |c 12371  |d 12371